00653nam a2200169Ia 4500008004100000020001800041041000800059082001700067100005800084245011300142250000600255260003900261300001300300650002500313999001900338952012600357210716s2009 xx 000 0 und d a9788177584448 aeng a658.001 KEAP aKeat, Paul G; Young, Philip, K Y; Banerjee, Sreejata. aManagerial economics: economic tools for todays decision makers.bEconomic tools for todays decision makers. a5 aNew DelhibPearson Educationc2009 axxii,562 aManagerial Economics c204683d204683 001040708MBAaAIMITbAIMITd2010-02-02g465.00l0o658.001 KEAPpMBA07249r2026-05-23 00:00:00v348.75w2021-07-16yBK